MyGZULibrary

Mooting and advocacy skills / (Record no. 6548)

MARC details
000 -LEADER
fixed length control field 01685cam a2200361 a 4500
001 - CONTROL NUMBER
control field 18580745
003 - CONTROL NUMBER IDENTIFIER
control field GZU
005 - DATE AND TIME OF LATEST TRANSACTION
control field 20210426125546.0
008 - FIXED-LENGTH DATA ELEMENTS--GENERAL INFORMATION
fixed length control field 150313s2015 enk 000 0 eng
010 ## - LIBRARY OF CONGRESS CONTROL NUMBER
LC control number 2014455487
020 ## - INTERNATIONAL STANDARD BOOK NUMBER
International Standard Book Number 9780414044869
Qualifying information (pbk.)
020 ## - INTERNATIONAL STANDARD BOOK NUMBER
International Standard Book Number 9780414044869
Qualifying information (pbk.)
040 ## - CATALOGING SOURCE
Original cataloging agency DLC
Transcribing agency DLC
Modifying agency DLC
042 ## - AUTHENTICATION CODE
Authentication code pcc
043 ## - GEOGRAPHIC AREA CODE
Geographic area code e-uk---
050 00 - LIBRARY OF CONGRESS CALL NUMBER
Classification number KE 302
Item number POP 2011
100 1# - MAIN ENTRY--PERSONAL NAME
Personal name Pope, David James,
Relator term author.
245 10 - TITLE STATEMENT
Title Mooting and advocacy skills /
Statement of responsibility, etc. David Pope, LL.B (Hons.) (Edin.), LL.M (Harvard) of Lincoln's Inn, Barrister, Senior Visiting Fellow, University College London; Dan Hill, MA (Cantab) Head of Learning and Development and Associate professor at the University of Law.
250 ## - EDITION STATEMENT
Edition statement 2rd ed.
260 ## - PUBLICATION, DISTRIBUTION, ETC.
Place of publication, distribution, etc. London :
Name of publisher, distributor, etc. Sweet & Maxwell /Thomson Reuters,
Date of publication, distribution, etc. 2015.
300 ## - PHYSICAL DESCRIPTION
Extent viii, 191 p. ;
Dimensions 23 cm.
336 ## - CONTENT TYPE
Content type term text
Content type code txt
Source rdacontent
337 ## - MEDIA TYPE
Media type term unmediated
Media type code n
Source rdamedia
338 ## - CARRIER TYPE
Carrier type term volume
Carrier type code nc
Source rdacarrier
500 ## - GENERAL NOTE
General note Include index.
505 0# - FORMATTED CONTENTS NOTE
Formatted contents note Introduction -- Moot Problems -- Legal Research -- Skeleton Arguments -- Speaking Notes -- Authorities And Bundles -- Practice -- Preliminaries -- Etiquette -- Oral Submissions -- Judicial Interventions -- Delivery -- Importance of delivery -- Organising Moots -- Selecting And Writing Moot Problems -- Original Moot Problems.
650 #0 - SUBJECT ADDED ENTRY--TOPICAL TERM
Topical term or geographic name entry element Moot courts
Geographic subdivision Great Britain.
700 1# - ADDED ENTRY--PERSONAL NAME
Personal name Hill, Dan
Titles and other words associated with a name (Law teacher),
Relator term author.
856 41 - ELECTRONIC LOCATION AND ACCESS
Materials specified Table of contents only
Uniform Resource Identifier <a href="http://www.loc.gov/catdir/toc/fy16pdf01/2014455487.html">http://www.loc.gov/catdir/toc/fy16pdf01/2014455487.html</a>
906 ## - LOCAL DATA ELEMENT F, LDF (RLIN)
a 7
b cbc
c origres
d 2
e ncip
f 20
g y-gencatlg
942 ## - ADDED ENTRY ELEMENTS (KOHA)
Source of classification or shelving scheme Library of Congress Classification
Koha item type Books
Classification part 302
Item part POP
Call number prefix KE
Holdings
Withdrawn status Lost status Source of classification or shelving scheme Damaged status Not for loan Collection code Home library Current library Shelving location Date acquired Inventory number Total Checkouts Total Renewals Full call number Barcode Date last seen Date last checked out Copy number Price effective from Koha item type
    Library of Congress Classification     Non-fiction Law Library Law Library General Stacks 04/26/2021 030569 3 2 KE302 POP 2011 030569 12/02/2023 11/22/2023 c-1 04/26/2021 Books